| 000 | 00530nam a2200145Ia 4500 | ||
|---|---|---|---|
| 005 | 20260209120128.0 | ||
| 008 | 260209s9999||||xx |||||||||||||| ||und|| | ||
| 100 | _aSharad Sharma | ||
| 245 | 0 | _aDebts recovery tribunal - an analysis | |
| 260 |
_aBangaloreBangalore _bNLSIU _c2010 |
||
| 300 | _a116 p. ; 25 cm. | ||
| 650 | _aDebt recovery tribunals - India Recovery of debts - Banks - India | ||
| 700 | _aProf. (Dr.) O V Nandimath - GuideProf. (Dr.) O V Nandimath - Guide | ||
| 856 | _uhttps://dans.nls.ac.in/handle/123456789/1921 | ||
| 999 |
_c216940 _d216940 |
||